Catálogo público

Análisis de los recursos genéticos disponibles a México / edición Tarcicio Cervantes Santana ; sesiones de trabajo organizados por la Sociedad Mexicana de Fitogenética, A. C. efectuados del 10 al 12 de Mayo de 1978 en Chapingo, México (Record no. 209290)

MARC details
000 -CABECERA
campo de control de longitud fija 01913nam a2200325Ia 4500
001 - NÚMERO DE CONTROL
campo de control dia_1821
003 - IDENTIFICADOR DEL NÚMERO DE CONTROL
campo de control CHAP
005 - FECHA Y HORA DE LA ÚLTIMA TRANSACCIÓN
campo de control 20251021145933.0
008 - DATOS DE LONGITUD FIJA--INFORMACIÓN GENERAL
campo de control de longitud fija 220601s9999 xx 000 0 und d
040 ## - FUENTE DE LA CATALOGACIÓN
Centro/agencia transcriptor CHAP
082 ## - NÚMERO DE LA CLASIFICACIÓN DECIMAL DEWEY
Número de clasificación 631.523 S47 1978
111 ## - ENTRADA PRINCIPAL--NOMBRE DE CONGRESO/REUNIÓN
Nombre de congreso/reunión o jurisdicción como elemento de entrada Sesiones de Trabajo Análisis de los Recursos Genéticos Disponibles a México (1978 may. 10-12 : Chapingo, México)
9 (RLIN) 175758
245 ## - MENCIÓN DE TÍTULO
Título Análisis de los recursos genéticos disponibles a México / edición Tarcicio Cervantes Santana ; sesiones de trabajo organizados por la Sociedad Mexicana de Fitogenética, A. C. efectuados del 10 al 12 de Mayo de 1978 en Chapingo, México
260 ## - PUBLICACIÓN, DISTRIBUCIÓN, ETC.
Lugar de publicación, distribución, etc. México : Sociedad Mexicana de Fitogenética
300 ## - DESCRIPCIÓN FÍSICA
Extensión xix, 492 p.
503 ## - NOTA DE HISTORIA BIBLIOGRÁFICA (BK CF MU) [OBSOLETO]
Nota de historia bibliográfica D.
504 ## - NOTA DE BIBLIOGRAFÍA, ETC.
Nota de bibliografía, etc. Incluye bibliografías
505 ## - NOTA DE CONTENIDO CON FORMATO
Nota de contenido con formato Sesión 1. Problemas relacionados con los recursos genéticos \ Sesión 2. Cultivos productores de carbohidratos \ Sesión 3. Cultivos productores de sustancias estimulantes y forrajeros \ Sesión 4. Cultivos productores de grasas y proteínas \ Sesión 5. Cultivos frutícolas: a) de clima tropical y subtropical ; b) de clima templado \ Sesión 6. Cultivos hortícolas \ Sesión 7. Cultivos varios \ Sesión 8. Recursos genéticos varios \ Sesión 9. Utilización de los recursos genéticos \ Sesión 10. Reunión general
590 ## - NOTA LOCAL (RLIN)
Nota local QH433 S47 1978
650 ## - PUNTO DE ACCESO ADICIONAL DE MATERIA--TÉRMINO DE MATERIA
Término de materia o nombre geográfico como elemento de entrada 1. Genética vegetal - Congresos, conferencias, etc. - México
650 ## - PUNTO DE ACCESO ADICIONAL DE MATERIA--TÉRMINO DE MATERIA
Término de materia o nombre geográfico como elemento de entrada Recursos genéticos
9 (RLIN) 95078
650 ## - PUNTO DE ACCESO ADICIONAL DE MATERIA--TÉRMINO DE MATERIA
Término de materia o nombre geográfico como elemento de entrada Plant genetics - Congresses - Mexico
650 ## - PUNTO DE ACCESO ADICIONAL DE MATERIA--TÉRMINO DE MATERIA
Término de materia o nombre geográfico como elemento de entrada Genetic resources
700 ## - PUNTO DE ACCESO ADICIONAL--NOMBRE DE PERSONA
Nombre de persona Cervantes Santana, Tarcicio, ed.
9 (RLIN) 175760
711 ## - PUNTO DE ACCESO ADICIONAL--NOMBRE DE REUNIÓN/CONGRESO
Nombre de congreso/reunión o jurisdicción como elemento de entrada Sesiones de Trabajo Análisis de los Recursos Genéticos Disponibles a México (1978 may. 10-12 : Chapingo, México) Ì
9 (RLIN) 175761
901 ## - ELEMENTOS DE DATOS A LOCAL LDA (RLIN)
a 631.523 S47 1978
902 ## - ELEMENTOS DE DATOS B LOCAL, LDB (RLIN)
a M
905 ## - ELEMENTOS DE DATOS E LOCAL, LDE (RLIN)
a 5232271978 mx abin8222323322spa16
942 ## - ELEMENTOS DE PUNTO DE ACCESO ADICIONAL (KOHA)
Tipo de ítem Koha Libro
Fuente del sistema de clasificación o colocación Dewey Decimal Classification
Holdings
Estado de retiro Estado de pérdida Fuente del sistema de clasificación o colocación Estado dañado No para préstamo Código de colección Localización permanente Ubicación/localización actual Ubicación en estantería Fecha de adquisición Total de préstamos Código de barras Fecha visto por última vez Número de copia Precio válido a partir de Tipo de ítem Koha
    Dewey Decimal Classification     General Ingenieria Agroindustrial Ingenieria Agroindustrial   01/06/2022   dia_001510 01/06/2022 2 01/06/2022 Libro
    Dewey Decimal Classification     General Ingenieria Agroindustrial Ingenieria Agroindustrial   01/06/2022   dia_001509 01/06/2022 1 01/06/2022 Libro